Nuclear engineering materials / (Record no. 132489)

MARC details
000 -LEADER
fixed length control field 00809nam a22002657a 4500
005 - DATE AND TIME OF LATEST TRANSACTION
control field 20170124110155.0
010 ## - LIBRARY OF CONGRESS CONTROL NUMBER
LC control number A-408296
020 ## - INTERNATIONAL STANDARD BOOK NUMBER
Terms of availability 00.00
035 ## - SYSTEM CONTROL NUMBER
System control number A-408296
037 ## - SOURCE OF ACQUISITION
Source of stock number/acquisition Cen Lib/Ret
040 ## - CATALOGING SOURCE
Original cataloging agency DPL
Language of cataloging EN
082 ## - DEWEY DECIMAL CLASSIFICATION NUMBER
Classification number 621.4833
Item number GER
100 ## - MAIN ENTRY--PERSONAL NAME
Personal name Gerasimov, V.
9 (RLIN) 34877
245 ## - TITLE STATEMENT
Title Nuclear engineering materials /
Statement of responsibility, etc by V. Gerasimov [and] A. Monakhov; translated by Peter Zabolotny
250 ## - EDITION STATEMENT
Edition statement rev. 2nd ed
260 ## - PUBLICATION, DISTRIBUTION, ETC. (IMPRINT)
Place of publication, distribution, etc Moscow
Name of publisher, distributor, etc Mir Publishers
Date of publication, distribution, etc 1983
270 ## - ADDRESS
City Moscow
300 ## - PHYSICAL DESCRIPTION
Extent 311p.
Dimensions 21cm(Hb)
500 ## - GENERAL NOTE
General note Includes bibliographical references and index
650 ## - SUBJECT ADDED ENTRY--TOPICAL TERM
Geographic subdivision
Topical term or geographic name as entry element Nuclear engineering
9 (RLIN) 19819
650 ## - SUBJECT ADDED ENTRY--TOPICAL TERM
Topical term or geographic name as entry element Nuclear reacter
9 (RLIN) 34878
700 ## - ADDED ENTRY--PERSONAL NAME
Personal name Monakhov, A.
9 (RLIN) 34864
700 ## - ADDED ENTRY--PERSONAL NAME
Personal name Zobolotny. Peter
9 (RLIN) 34879
942 ## - ADDED ENTRY ELEMENTS (KOHA)
Source of classification or shelving scheme Dewey Decimal Classification
Koha item type English Books
Classification part 621.4833
Call number suffix GER
Holdings
Withdrawn status Lost status Damaged status Not for loan Home library Current library Date acquired Source of acquisition Cost, normal purchase price Total Checkouts Total Renewals Full call number Barcode Date last seen Date checked out Copy number Cost, replacement price Price effective from Koha item type
        Central Library Central Library 22/07/2015 Cen Lib/Ret 0.00 2 2 621.4833 GER A-408296 01/10/2019 21/08/2019 1 0.00 22/07/2015 English Books

© Delhi Public Library
Hit Counter
free hit counter